Visualizzazione normale
Vista MARC
- Kamen Michael
di Personal Name
Records bibliografici associati: 1
001 - CONTROL NUMBER
- control field: 29360
003 - CONTROL NUMBER IDENTIFIER
- control field: IT-RoPau
005 - DATE AND TIME OF LATEST TRANSACTION
- control field: 20140613213756.0
008 - FIXED-LENGTH DATA ELEMENTS
- fixed length control field: 140613|| aca||aabn | a|a d
040 ## - CATALOGING SOURCE
- Original cataloging agency: IT-RoPau
- Transcribing agency: IT-RoPau
100 ## - HEADING--PERSONAL NAME
- Personal name: Kamen Michael
- Dates associated with a name: Codice autore musica SPICS: 26930
- Relator term: Autore musica
- Name of part/section of a work: Jack and the Ripper
670 ## - SOURCE DATA FOUND
- Source citation: Work cat.: (IT-RoPau)99332: AA.VV. 794, Last Action Hero